| 000 | 00621nam a22002057a 4500 | ||
|---|---|---|---|
| 005 | 20170830112417.0 | ||
| 010 | _aENG-120188 | ||
| 020 |
_a9788177421248 _c450.00 |
||
| 035 | _aEN-103720 | ||
| 037 | _bDBAD/PUB | ||
| 082 | _a294.517 | ||
| 100 | _aElst, Koenraad | ||
| 245 |
_aThe argumentative Hindu : _bessays by a non- affiliated orientalist / _cby Koenraad Elst |
||
| 260 |
_aNew Delhi _bAditya Prakashan _c2012 |
||
| 270 |
_a2/18, Ansari Road _bNew Delhi _e110002 |
||
| 300 |
_axi, 518p. _c21cm(pbk) |
||
| 500 | _aIncludes index | ||
| 700 | _aSampath, S | ||
| 942 |
_2ddc _cEN _h294.517 _mELS |
||
| 999 |
_c143915 _d143915 |
||